000
00334nam a2200145Ia 4500
005
20251222144657.0
008
251222s9999||||xx |||||||||||||| ||spa||
020
_a
84-321-2456-7
082
_a
158/C28
100
_a
Cardona Pescador, Juan
245
0
_a
Los Miedos del Hombre:
250
_a
2a.ed.
264
_b
Rialp
942
_c
LIB
999
_c
17281
_d
17281